[Event "World Rapid 2023"]
[Site "Samarkand UZB"]
[Date "2023.12.26"]
[EventDate "2023.12.26"]
[Round "4.66"]
[Result "1-0"]
[White "Almas Rakhmatullaev"]
[Black "Mamikon Gharibyan"]
[WhiteElo "2251"]
[BlackElo "2382"]
[PlyCount "102"]

1. e4 c5 2. Nf3 Nc6 3. Bb5 g6 4. Bxc6 dxc6 5. d3 Qc7 6. h3 e5 7. Be3 Nf6 8.
Nbd2 Nh5 9. g3 f6 10. Qe2 Be6 11. g4 Ng7 12. g5 f5 13. Nb3 fxe4 14. dxe4
O-O-O 15. Nbd2 Nh5 16. a3 b6 17. O-O-O Bg7 18. Nh2 Bxh3 19. Ng4 Bxg4 20.
Qxg4+ Kb7 21. Nc4 b5 22. Nd2 c4 23. Nf3 a6 24. c3 Qc8 25. Qg2 Qe6 26. a4
Rhf8 27. axb5 cxb5 28. Nh4 Nf4 29. Bxf4 exf4 30. Nf3 Rxd1+ 31. Rxd1 Rf7 32.
e5 Qc6 33. Rd6 Qe4 34. Qg4 Qf5 35. Qg2 Qe4 36. Rd4 Qc6 37. Qh3 Bf8 38. Rd8
Bc5 39. Nd4 Qc7 40. Qf3+ Kb6 41. Qd5 Re7 42. Ne6 Rxe6 43. Qxe6+ Ka5 44. Rd7
Qb8 45. f3 Be3+ 46. Kb1 Qf8 47. Rd6 Qa8 48. Qd5 Qa7 49. e6 Bc5 50. Rd7 Qb6
51. Rb7 1-0

[Event "World Rapid 2023"]
[Site "Samarkand UZB"]
[Date "2023.12.26"]
[EventDate "2023.12.26"]
[Round "4.67"]
[Result "1-0"]
[White "Venkataraman Karthik"]
[Black "Mustafokhuja Khusenkhojaev"]
[WhiteElo "2426"]
[BlackElo "2161"]
[PlyCount "76"]

1. c4 Nf6 2. Nc3 c5 3. g3 d5 4. cxd5 Nxd5 5. Bg2 Nc7 6. Rb1 e5 7. a3 Nc6 8.
b4 Bf5 9. Rb2 cxb4 10. axb4 Be7 11. b5 Na5 12. Qa4 b6 13. Nf3 Bd6 14. d4
exd4 15. Nxd4 Bd7 16. O-O Rc8 17. Rd2 O-O 18. Ne4 Be7 19. Nc6 Qe8 20. Nxe7+
Qxe7 21. Ba3 Bxb5 22. Qxa5 Qxe4 23. Qxa7 Qa4 24. Qxa4 Bxa4 25. Bxf8 Rxf8
26. Rb1 b5 27. Bc6 g6 28. e3 Rb8 29. Rd4 Rb6 30. Rxa4 Rxc6 31. Rd4 Rb6 32.
Rc1 Ne6 33. Rb4 Kg7 34. Rd1 Nc7 35. Rd7 Na6 36. Rf4 b4 37. Rdxf7+ Kg8 38.
R7f6 1-0

[Event "World Rapid 2023"]
[Site "Samarkand UZB"]
[Date "2023.12.26"]
[EventDate "2023.12.26"]
[Round "4.68"]
[Result "1-0"]
[White "Khumoyun Begmuratov"]
[Black "Gallego Alcaraz, Andres Felipe"]
[WhiteElo "2292"]
[BlackElo "2419"]
[PlyCount "100"]

1. e4 c5 2. Nf3 Nc6 3. d4 cxd4 4. Nxd4 Nf6 5. Nc3 d6 6. Bg5 e6 7. Qd2 Qb6
8. Nb3 Be7 9. Be2 O-O 10. O-O Rd8 11. Be3 Qc7 12. Rad1 a6 13. a4 b6 14. f4
Rb8 15. Qe1 Nb4 16. Rd2 Bb7 17. Bf3 Bc6 18. Qf2 Nd7 19. a5 bxa5 20. Ra1 Nf6
21. Nxa5 Ba8 22. Ba7 d5 23. exd5 exd5 24. Bxb8 Rxb8 25. Nb3 Qxf4 26. Re1
Qc7 27. Kh1 Bd6 28. g3 h5 29. Nd4 Bc5 30. Qg2 Rd8 31. Red1 Re8 32. Re2 Rd8
33. Nb3 Bb6 34. Rde1 Qc4 35. Nd2 Qc7 36. Nf1 Bc6 37. h3 Qd6 38. Rd1 Qc5 39.
Nb1 d4 40. Bxc6 Nxc6 41. Rde1 Rd5 42. Nbd2 Rf5 43. Nh2 Qxc2 44. g4 hxg4 45.
hxg4 Rb5 46. Ne4 Qc4 47. Nxf6+ gxf6 48. Re8+ Kg7 49. Qh3 Qd5+ 50. Nf3 1-0

[Event "World Rapid 2023"]
[Site "Samarkand UZB"]
[Date "2023.12.26"]
[EventDate "2023.12.26"]
[Round "4.69"]
[Result "1-0"]
[White "Sinisa Drazic"]
[Black "Rojas Salas, Steven"]
[WhiteElo "2412"]
[BlackElo "2175"]
[PlyCount "144"]

1. d4 d5 2. Bg5 Nf6 3. Nd2 c5 4. e3 cxd4 5. exd4 Bg4 6. Be2 Bxe2 7. Qxe2 e6
8. Ngf3 Bd6 9. O-O-O Nbd7 10. Ne5 Qc7 11. Nxd7 Nxd7 12. Kb1 b5 13. h4 a5
14. h5 a4 15. Rh3 b4 16. h6 g6 17. Rc1 O-O 18. Re3 Rfc8 19. Rxe6 fxe6 20.
Qxe6+ Kf8 21. Bf6 Nxf6 22. Qxf6+ Kg8 23. Qe6+ Kf8 24. Qf6+ Kg8 25. Qe6+ Qf7
26. Qxd6 b3 27. axb3 Rd8 28. Qe5 axb3 29. Nxb3 Re8 30. Qg5 Qa7 31. Rd1 Qf7
32. Nc1 Reb8 33. Nd3 Rb5 34. c3 Rba5 35. Kc2 Re8 36. Rd2 Qd7 37. Qf6 Ra1
38. Nc5 Qf5+ 39. Qxf5 gxf5 40. Nd7 Re6 41. Kd3 Rxh6 42. Ke3 Re1+ 43. Kf4
Re4+ 44. Kf3 f4 45. c4 Rd6 46. Ne5 Re1 47. c5 Rd8 48. Nd3 Re4 49. Nb4 Re7
50. Nc6 Rde8 51. Nxe7+ Rxe7 52. b4 Rb7 53. Rb2 Kf7 54. b5 Ke6 55. b6 Kd7
56. Kxf4 Kc6 57. g4 h6 58. Kg3 h5 59. g5 h4+ 60. Kxh4 Rh7+ 61. Kg4 Rb7 62.
f4 Kd7 63. f5 Kc6 64. g6 Kd7 65. Kg5 Kc6 66. Kf6 Kd7 67. Rh2 Rb8 68. Rh7+
Kc6 69. Rc7+ Kb5 70. b7 Ka6 71. c6 Rf8+ 72. Kg5 1-0

[Event "World Rapid 2023"]
[Site "Samarkand UZB"]
[Date "2023.12.26"]
[EventDate "2023.12.26"]
[Round "4.70"]
[Result "0-1"]
[White "Felix Xie"]
[Black "Grzegorz Nasuta"]
[WhiteElo "2164"]
[BlackElo "2402"]
[PlyCount "88"]

1. Nf3 d5 2. b3 Bf5 3. Bb2 e6 4. d3 h6 5. g3 Nf6 6. Bg2 Be7 7. O-O O-O 8.
Nbd2 c6 9. a3 a5 10. Ne5 Nfd7 11. e4 Bh7 12. Qe2 Nxe5 13. Bxe5 Nd7 14. Bb2
Re8 15. e5 Qb6 16. Kh1 a4 17. Rfb1 axb3 18. Nxb3 Ra4 19. f4 Qa7 20. Rf1
Bxa3 21. Bc3 b5 22. Rae1 c5 23. f5 Bxf5 24. Rxf5 exf5 25. Bxd5 Nf8 26. Rf1
Qd7 27. Qg2 Rc8 28. g4 Rxg4 29. Qf3 c4 30. dxc4 bxc4 31. Nd4 Rxd4 32. Bxd4
Rd8 33. Bc6 Qxd4 34. Qxa3 Qxe5 35. Qh3 g6 36. Qxh6 Qe2 37. Rg1 Rd1 38. c3
Rxg1+ 39. Kxg1 Qe1+ 40. Kg2 Qxc3 41. Bd5 Qc2+ 42. Kg3 Qd3+ 43. Bf3 Ne6 44.
Qc1 Nd4 0-1

[Event "World Rapid 2023"]
[Site "Samarkand UZB"]
[Date "2023.12.26"]
[EventDate "2023.12.26"]
[Round "4.71"]
[Result "0-1"]
[White "Khalil Nafri"]
[Black "Baadur Jobava"]
[WhiteElo "2243"]
[BlackElo "2671"]
[PlyCount "82"]

1. e4 c5 2. Nf3 e6 3. d4 cxd4 4. Nxd4 Nf6 5. Nc3 Bb4 6. e5 Nd5 7. Bd2 Bxc3
8. bxc3 O-O 9. Qf3 d6 10. exd6 Qxd6 11. Bd3 Bd7 12. O-O Na6 13. c4 Ndb4 14.
Bc3 Nxd3 15. cxd3 Nc5 16. Rad1 Rad8 17. Rfe1 f6 18. Nb3 Na4 19. d4 Qa6 20.
Bb4 Rfe8 21. Qe2 b6 22. h3 Qb7 23. Rd3 Rc8 24. Re3 a5 25. Ba3 Qa6 26. c5 b5
27. Rg3 Qa7 28. Qd2 b4 29. Qh6 Bc6 30. Bc1 Qf7 31. Nxa5 Bd5 32. a3 b3 33.
Qd2 Rb8 34. Bb2 Rb5 35. Bc3 Nxc3 36. Qxc3 e5 37. c6 exd4 38. Rxe8+ Qxe8 39.
Qxd4 b2 40. Qxf6 b1=Q+ 41. Kh2 Qf8 0-1

[Event "World Rapid 2023"]
[Site "Samarkand UZB"]
[Date "2023.12.26"]
[EventDate "2023.12.26"]
[Round "4.72"]
[Result "1-0"]
[White "Aleksandr Rakhmanov"]
[Black "Harold Wanyama"]
[WhiteElo "2633"]
[BlackElo "2210"]
[PlyCount "98"]

1. c4 e5 2. Nf3 Nc6 3. d4 exd4 4. Nxd4 d6 5. g3 Nf6 6. Bg2 Bd7 7. Nc3 g6 8.
O-O Bg7 9. Nxc6 Bxc6 10. Nd5 h6 11. Be3 O-O 12. Bd4 Re8 13. e3 a5 14. b3
Rb8 15. Rc1 Bd7 16. Qd2 b6 17. Qb2 Nxd5 18. Bxg7 Nb4 19. Bh8 f6 20. Bxf6
Qc8 21. Qd2 Kh7 22. Bc3 Nc6 23. f4 Re7 24. Rf2 Qe8 25. Re1 Bf5 26. Qd5 Nb4
27. Bxb4 axb4 28. e4 Rd8 29. Rfe2 Bg4 30. Re3 c6 31. Qd2 c5 32. Rd3 Bf5 33.
h3 Rdd7 34. Rde3 Be6 35. Qe2 Bg8 36. Kh2 Qf8 37. h4 Be6 38. Rd1 h5 39. Bf3
Kg7 40. Rd2 Rf7 41. Red3 b5 42. cxb5 c4 43. Rd4 c3 44. Rd1 d5 45. exd5 Bf5
46. Qc4 Qa8 47. a4 bxa3 48. Qxc3 Qa7 49. Ra4+ 1-0

[Event "World Rapid 2023"]
[Site "Samarkand UZB"]
[Date "2023.12.26"]
[EventDate "2023.12.26"]
[Round "4.73"]
[Result "1-0"]
[White "Giovanni Vescovi"]
[Black "Ali Kasimov"]
[WhiteElo "2609"]
[BlackElo "2114"]
[PlyCount "96"]

1. d4 Nf6 2. c4 e6 3. Nc3 Bb4 4. Bd2 b6 5. f3 Nc6 6. a3 Be7 7. d5 Ne5 8. e4
Ng6 9. f4 d6 10. Nf3 O-O 11. Be2 exd5 12. cxd5 Re8 13. O-O Bf8 14. Bd3 Bd7
15. Nd4 Ne7 16. Qf3 c5 17. Nc2 Ng6 18. a4 a6 19. Na3 Qc7 20. Kh1 Nh4 21.
Qg3 Ng6 22. Qf3 Nh4 23. Qe2 Bc8 24. Qf2 Ng6 25. Rab1 Bd7 26. b4 Be7 27. h3
Nh5 28. Qf3 Nf6 29. Rfc1 Bf8 30. Qf1 Nh5 31. Qf2 Nf6 32. Qf3 h5 33. bxc5
bxc5 34. Nc4 Rab8 35. e5 Rxb1 36. Rxb1 dxe5 37. Bxg6 fxg6 38. fxe5 Bf5 39.
Re1 Nd7 40. d6 Qc8 41. Nd5 Be6 42. Bc3 Qa8 43. Nc7 Qxf3 44. gxf3 Bxc4 45.
Nxe8 Kf7 46. Nc7 Be6 47. Nxa6 g5 48. Nc7 1-0

[Event "World Rapid 2023"]
[Site "Samarkand UZB"]
[Date "2023.12.26"]
[EventDate "2023.12.26"]
[Round "4.74"]
[Result "0-1"]
[White "Nikolay Tregubenko"]
[Black "Alexandr Predke"]
[WhiteElo "1815"]
[BlackElo "2584"]
[PlyCount "88"]

1. e4 c5 2. Nf3 Nc6 3. d4 cxd4 4. Nxd4 Nf6 5. Nc3 e6 6. Nxc6 bxc6 7. e5 Nd5
8. Ne4 Qc7 9. f4 Qb6 10. c4 Bb4+ 11. Ke2 Ba6 12. Kf3 f5 13. exf6 Nxf6 14.
Be3 Qa5 15. Nxf6+ gxf6 16. a3 Be7 17. b4 Qc7 18. Bd3 c5 19. Kf2 O-O-O 20.
Qa4 Bb7 21. Rhd1 Rdg8 22. Bf1 h5 23. Rd2 Rh7 24. Rad1 Bf8 25. b5 Rhg7 26.
Kg1 h4 27. Qxa7 h3 28. g3 Rxg3+ 29. hxg3 Rxg3+ 30. Kf2 Rf3+ 31. Ke2 d6 32.
Qa4 Qh7 33. b6 Qh5 34. Kd3 Qg6+ 35. Ke2 h2 36. Rxd6 Bxd6 37. Rxd6 Rxe3+ 38.
Kxe3 Qe4+ 39. Kd2 Qxf4+ 40. Kc2 Qxd6 41. Qe8+ Qd8 42. Qxe6+ Kb8 43. Bg2
Bxg2 44. Qf7 Bb7 0-1

[Event "World Rapid 2023"]
[Site "Samarkand UZB"]
[Date "2023.12.26"]
[EventDate "2023.12.26"]
[Round "4.75"]
[Result "1-0"]
[White "Raunak Sadhwani"]
[Black "Jaloliddin Ilkhomi"]
[WhiteElo "2532"]
[BlackElo "1989"]
[PlyCount "80"]

1. e4 e6 2. d4 d5 3. Nc3 Bb4 4. e5 c5 5. a3 Bxc3+ 6. bxc3 Qa5 7. Bd2 Qa4 8.
Qg4 g6 9. Nf3 Nc6 10. h4 h5 11. Qf4 Qxc2 12. dxc5 Bd7 13. Be2 Qe4 14. Qxe4
dxe4 15. Ng5 Nxe5 16. Nxe4 Bc6 17. Nd6+ Ke7 18. f3 Nd7 19. Be3 b6 20. Kf2
Nxc5 21. Rad1 Rd8 22. Nb5 Rxd1 23. Rxd1 Bxb5 24. Bxb5 Nf6 25. Bg5 Rc8 26.
Kg3 a6 27. Bf1 Rc7 28. Rb1 Rc6 29. Kf4 b5 30. c4 bxc4 31. Bxc4 Nd7 32. Bf1
Kd6 33. Kg3 Nd5 34. Rb7 f6 35. Bd2 Nc7 36. Ra7 f5 37. Kf4 e5+ 38. Kg5 Nc5
39. Bd3 Nd5 40. Bb4 1-0

[Event "World Rapid 2023"]
[Site "Samarkand UZB"]
[Date "2023.12.26"]
[EventDate "2023.12.26"]
[Round "4.76"]
[Result "0-1"]
[White "Vasquez Schroeder, Rodrigo"]
[Black "Timur Yonal"]
[WhiteElo "2582"]
[BlackElo "1854"]
[PlyCount "118"]

1. e4 c5 2. Nf3 d6 3. d4 cxd4 4. Nxd4 Nf6 5. Nc3 a6 6. Bg5 e6 7. f4 Nbd7 8.
Qf3 Qc7 9. O-O-O b5 10. e5 Bb7 11. Qh3 dxe5 12. Nxe6 fxe6 13. Qxe6+ Be7 14.
Bxf6 gxf6 15. Be2 h5 16. Bf3 Bxf3 17. gxf3 Rc8 18. Kb1 Qc6 19. Qf5 Nf8 20.
fxe5 Qe6 21. Qe4 f5 22. Qe3 Ng6 23. Nd5 Kf7 24. Rhg1 Rcd8 25. Nc7 Rxd1+ 26.
Rxd1 Qxe5 27. Qb3+ Kg7 28. Ne6+ Kf6 29. Rg1 Rh6 30. Ng5 Nh8 31. f4 Qc5 32.
Re1 Kg7 33. Ne6+ Rxe6 34. Qxe6 Ng6 35. Qxa6 Nxf4 36. Qb7 Ng6 37. a3 f4 38.
Qe4 Bf6 39. Qb7+ Kh6 40. Qf7 Qd4 41. c3 Qd3+ 42. Ka1 Bxc3 43. Re6 Be5 44.
Rxe5 Qf1+ 45. Ka2 Nxe5 46. Qf8+ Kg6 47. Qg8+ Kf5 48. Qh7+ Ng6 49. Qxh5+ Kf6
50. h4 Qc4+ 51. Ka1 Qc1+ 52. Ka2 Qg1 53. Qxb5 Qg4 54. h5 Ne5 55. h6 Qh3 56.
Qb6+ Qe6+ 57. Qxe6+ Kxe6 58. h7 Ng6 59. a4 f3 0-1

[Event "World Rapid 2023"]
[Site "Samarkand UZB"]
[Date "2023.12.26"]
[EventDate "2023.12.26"]
[Round "4.77"]
[Result "0-1"]
[White "David Bogdan"]
[Black "O`Gorman, Tom"]
[WhiteElo "1745"]
[BlackElo "2299"]
[PlyCount "100"]

1. e4 e5 2. Nf3 Nc6 3. Bc4 Bc5 4. c3 Nf6 5. d3 d6 6. h3 a6 7. Bb3 Ba7 8.
Nbd2 h6 9. Nf1 d5 10. Qe2 d4 11. Ng3 O-O 12. O-O b5 13. Nh4 dxc3 14. bxc3
b4 15. Nhf5 bxc3 16. Nh5 Bxf5 17. exf5 Nd4 18. Nxf6+ Qxf6 19. Qe1 Qxf5 20.
Kh1 Qxd3 21. Ba3 Nxb3 22. axb3 Rfe8 23. Rd1 Qc2 24. Rc1 Qa2 25. Bb4 Qxb3
26. Bxc3 Qe6 27. Bb4 Bb6 28. Ba5 Qd5 29. Bxb6 cxb6 30. Qb4 b5 31. Rfd1 Qe6
32. Rc7 Rad8 33. Rdc1 Qf6 34. Qe1 e4 35. R1c6 Re6 36. Rc1 Rde8 37. Ra7 e3
38. fxe3 Rxe3 39. Qg1 b4 40. Rf1 Qxf1 41. Qxf1 Re1 42. Kg1 Rxf1+ 43. Kxf1
Re6 44. Ra8+ Kh7 45. Rb8 a5 46. Rb5 Ra6 47. Ke2 a4 48. Rxb4 a3 49. Rb1 a2
50. Ra1 Kg6 0-1

[Event "World Rapid 2023"]
[Site "Samarkand UZB"]
[Date "2023.12.26"]
[EventDate "2023.12.26"]
[Round "5.2"]
[Result "1/2-1/2"]
[White "Vachier-Lagrave, Maxime"]
[Black "Rauf Mamedov"]
[WhiteElo "2731"]
[BlackElo "2651"]
[PlyCount "42"]

1. e4 c5 2. Nf3 Nc6 3. Bb5 Nf6 4. Nc3 Qc7 5. O-O Nd4 6. Re1 a6 7. Bf1 d6 8. Nxd4
cxd4 9. Nd5 Nxd5 10. exd5 g6 11. d3 Bg7 12. Bg5 e5 13. dxe6 Bxe6 14. Be2 O-O 15.
Bf3 Rac8 16. Re2 Qb6 17. b3 Rc5 18. Qd2 Rfc8 19. h4 h5 20. Rae1 Be5 21. g3 1/2-1/2

[Event "World Rapid 2023"]
[Site "Samarkand UZB"]
[Date "2023.12.26"]
[EventDate "2023.12.26"]
[Round "5.3"]
[Result "1-0"]
[White "Ivan Cheparinov"]
[Black "Richard Rapport"]
[WhiteElo "2663"]
[BlackElo "2731"]
[PlyCount "50"]

1. e4 c6 2. Nf3 d5 3. d3 Qc7 4. Nc3 dxe4 5. dxe4 Nd7 6. a4 Ngf6 7. Bc4 Nb6 8.
Bb3 Bg4 9. h3 Bxf3 10. Qxf3 e6 11. Bg5 Nbd7 12. O-O Bd6 13. Rad1 h6 14. Be3 g5
15. Rfe1 Rg8 16. Bd4 Rg6 17. Qe2 Be5 18. Nd5 cxd5 19. exd5 Bxd4 20. dxe6 Bxf2+
21. Qxf2 Nc5 22. exf7+ Kf8 23. Qf5 Kg7 24. Re8 Rxe8 25. Qxf6+ 1-0

[Event "World Rapid 2023"]
[Site "Samarkand UZB"]
[Date "2023.12.26"]
[EventDate "2023.12.26"]
[Round "5.5"]
[Result "0-1"]
[White "Maksim Chigaev"]
[Black "Santosh Gujrathi Vidit"]
[WhiteElo "2621"]
[BlackElo "2737"]
[PlyCount "74"]

1. c4 e5 2. Nc3 Nf6 3. Nf3 Nc6 4. g3 Bb4 5. Bg2 O-O 6. Nd5 Re8 7. O-O a5 8. d3
h6 9. Be3 d6 10. Nxf6+ Qxf6 11. Nd2 Qg6 12. a3 Bc5 13. Bxc5 dxc5 14. Ne4 b6 15.
Nc3 Bg4 16. h3 Bd7 17. Kh2 Rad8 18. Nd5 Qd6 19. Qd2 a4 20. Rae1 Nd4 21. e3 Nb3
22. Qd1 b5 23. f4 c6 24. Nc3 f5 25. e4 exf4 26. Rxf4 b4 27. Nxa4 Nd4 28. axb4
cxb4 29. exf5 Bxf5 30. c5 Qg6 31. Nb6 Ne6 32. Rf3 Nxc5 33. Rxe8+ Rxe8 34. d4 Nd3
35. Rf1 Re3 36. g4 Be4 37. Qd2 Qd6+ 0-1

[Event "World Rapid 2023"]
[Site "Samarkand UZB"]
[Date "2023.12.26"]
[EventDate "2023.12.26"]
[Round "5.7"]
[Result "1/2-1/2"]
[White "Anton Guijarro, David"]
[Black "Aleksandr Shimanov"]
[WhiteElo "2670"]
[BlackElo "2578"]
[PlyCount "44"]

1. e4 e6 2. d4 d5 3. Nc3 Nf6 4. e5 Nfd7 5. f4 c5 6. Nf3 Nc6 7. Ne2 Be7 8. c3 O-O
9. Be3 f6 10. exf6 Rxf6 11. g3 cxd4 12. Nexd4 e5 13. Nb3 Nb6 14. Nxe5 Nxe5 15.
fxe5 Rf8 16. Qd4 Be6 17. O-O-O Rc8 18. Kb1 Qc7 19. Bd3 Nc4 20. Rhe1 a5 21. Nd2
Rfd8 22. Bc2 Nxe3 1/2-1/2

[Event "World Rapid 2023"]
[Site "Samarkand UZB"]
[Date "2023.12.26"]
[EventDate "2023.12.26"]
[Round "5.10"]
[Result "1-0"]
[White "Pavel Ponkratov"]
[Black "Fabiano Caruana"]
[WhiteElo "2608"]
[BlackElo "2794"]
[PlyCount "132"]

1. e4 e5 2. Nf3 Nc6 3. Bb5 a6 4. Ba4 Nf6 5. O-O Be7 6. Re1 b5 7. Bb3 d6 8. c3
O-O 9. h3 Na5 10. Bc2 c5 11. d4 Qc7 12. d5 Nc4 13. a4 Nb6 14. a5 Nc4 15. b4 cxb4
16. cxb4 Bd7 17. Bd3 Rac8 18. Ra2 Qb7 19. Rc2 h6 20. Nc3 Nh7 21. Ne2 f5 22. exf5
Bxf5 23. Ng3 Bxd3 24. Qxd3 Rf7 25. Nd2 Nf6 26. Nxc4 bxc4 27. Rxc4 Rxc4 28. Qxc4
Nxd5 29. Bd2 Bf8 30. Rc1 Nf4 31. Qc6 d5 32. Qxb7 Rxb7 33. Rc6 Ra7 34. Kf1 Nd3
35. Rb6 Rc7 36. Ke2 e4 37. Nf5 Rc2 38. Ne3 Nf4+ 39. Kd1 Ra2 40. Bc3 Rxf2 41.
Rxa6 d4 42. Bxd4 Bxb4 43. Nc4 Rxg2 44. Ra8+ Kh7 45. a6 Ra2 46. a7 Ne2 47. Bb2
Nc3+ 48. Kc2 e3 49. Re8 e2 50. Na3 Nd1 51. Rxe2 Nxb2 52. a8=Q Nc4+ 53. Kb1 Rxe2
54. Nxc4 Bc3 55. Qf3 Re1+ 56. Kc2 Bf6 57. Kd3 Ra1 58. Qf5+ Kg8 59. Nb6 Ra3+ 60.
Kc4 Rc3+ 61. Kd5 Rb3 62. Kc6 Rc3+ 63. Kd7 Rc1 64. Qe6+ Kh7 65. Nd5 Bg5 66. h4 1-0

[Event "World Rapid 2023"]
[Site "Samarkand UZB"]
[Date "2023.12.26"]
[EventDate "2023.12.26"]
[Round "5.12"]
[Result "1/2-1/2"]
[White "Denis Lazavik"]
[Black "R Praggnanandhaa"]
[WhiteElo "2566"]
[BlackElo "2740"]
[PlyCount "64"]

1. d4 Nf6 2. c4 e6 3. Nf3 Bb4+ 4. Bd2 Qe7 5. g3 Bxd2+ 6. Qxd2 Nc6 7. a3 d5 8.
Bg2 O-O 9. O-O dxc4 10. Qc3 e5 11. Nxe5 Nxe5 12. dxe5 Ng4 13. Qxc4 Qxe5 14. Nc3
c6 15. h3 Nf6 16. Rad1 Be6 17. Qd4 Qa5 18. e4 Rad8 19. Qe3 Qb6 20. Qxb6 axb6 21.
f4 Bb3 22. Rxd8 Rxd8 23. e5 Ne8 24. Re1 Kf8 25. Kf2 f6 26. exf6 Nxf6 27. g4 Nd7
28. Ne4 Nc5 29. Nxc5 bxc5 30. Be4 g6 31. h4 Rd2+ 32. Re2 Rd1 1/2-1/2

[Event "World Rapid 2023"]
[Site "Samarkand UZB"]
[Date "2023.12.26"]
[EventDate "2023.12.26"]
[Round "5.13"]
[Result "1/2-1/2"]
[White "Teimour Radjabov"]
[Black "Nodirbek Yakubboev"]
[WhiteElo "2723"]
[BlackElo "2661"]
[PlyCount "32"]

1. e4 e5 2. Nf3 Nc6 3. Bb5 a6 4. Ba4 Nf6 5. O-O Nxe4 6. d4 b5 7. Bb3 d5 8. dxe5
Be6 9. Nbd2 Nc5 10. c3 d4 11. Bxe6 Nxe6 12. cxd4 Ncxd4 13. a4 Nc6 14. Qe2 Be7
15. axb5 axb5 16. Rxa8 1/2-1/2

[Event "World Rapid 2023"]
[Site "Samarkand UZB"]
[Date "2023.12.26"]
[EventDate "2023.12.26"]
[Round "5.14"]
[Result "1/2-1/2"]
[White "Sarin Nihal"]
[Black "Giga Quparadze"]
[WhiteElo "2688"]
[BlackElo "2491"]
[PlyCount "124"]

1. d4 Nf6 2. c4 e6 3. Nf3 Bb4+ 4. Bd2 a5 5. e3 O-O 6. Bd3 b6 7. O-O Bb7 8. a3
Bxd2 9. Nbxd2 d6 10. Qc2 Re8 11. c5 h6 12. Rfd1 Qe7 13. Rac1 e5 14. Bb5 Rf8 15.
cxd6 cxd6 16. dxe5 dxe5 17. Qc7 Qxc7 18. Rxc7 Ba6 19. Bxa6 Nxa6 20. Rc6 e4 21.
Nd4 Nc5 22. Rxb6 Rab8 23. Rxb8 Rxb8 24. b3 Rb7 25. h3 g6 26. Rc1 Nfd7 27. g4 Kg7
28. Kg2 Nd3 29. Rc3 N7c5 30. Kf1 Re7 31. Ke2 Re5 32. Nc4 Rg5 33. Nxa5 Na4 34.
bxa4 Rxa5 35. Nb5 Rxa4 36. Nd6 Ne5 37. Kd1 Kf6 38. Kc2 Kg5 39. Kb3 Ra6 40. Nxe4+
Kh4 41. f4 Rb6+ 42. Kc2 Nf3 43. g5 hxg5 44. Nxg5 Nxg5 45. fxg5 Kxh3 46. a4 f6
47. a5 Ra6 48. gxf6 Rxf6 49. Ra3 Ra6 50. e4+ Kg4 51. Kd3 Kf4 52. Ra4 g5 53. Ra1
Rd6+ 54. Kc4 Kxe4 55. a6 Rc6+ 56. Kb5 Rc8 57. a7 Ra8 58. Kb6 g4 59. Kb7 Rxa7+
60. Kxa7 g3 61. Rg1 Kf3 62. Rxg3+ Kxg3 1/2-1/2

[Event "World Rapid 2023"]
[Site "Samarkand UZB"]
[Date "2023.12.26"]
[EventDate "2023.12.26"]
[Round "5.15"]
[Result "0-1"]
[White "Van Foreest, Jorden"]
[Black "Conrad Holt"]
[WhiteElo "2679"]
[BlackElo "2540"]
[PlyCount "50"]

1. e4 e6 2. d4 d5 3. Nc3 Nf6 4. Qd3 Be7 5. Nf3 b6 6. Bg5 Ba6 7. Qe3 Bxf1 8. Rxf1
O-O 9. O-O-O Nxe4 10. Nxe4 dxe4 11. Bxe7 Qxe7 12. Qxe4 Nd7 13. Rfe1 Nf6 14. Qc6
Qd6 15. Ne5 Rfd8 16. f4 Nd5 17. c4 Ne7 18. Qe4 b5 19. cxb5 Rab8 20. Nc6 Nxc6 21.
bxc6 Rb4 22. f5 exf5 23. Qxf5 Qxc6+ 24. Kb1 Rxb2+ 25. Ka1 Qc3 0-1

[Event "World Rapid 2023"]
[Site "Samarkand UZB"]
[Date "2023.12.26"]
[EventDate "2023.12.26"]
[Round "5.16"]
[Result "1/2-1/2"]
[White "Laurent Fressinet"]
[Black "Volodar Murzin"]
[WhiteElo "2637"]
[BlackElo "2627"]
[PlyCount "56"]

1. d4 d5 2. Nf3 Nf6 3. c4 c6 4. g3 Bg4 5. Ne5 h5 6. Qb3 Qb6 7. cxd5 Qxb3 8. axb3
Nxd5 9. Bd2 Nd7 10. Nxg4 hxg4 11. e4 Nc7 12. Be2 e5 13. dxe5 Nxe5 14. Bc3 Bd6
15. Nd2 Nb5 16. Bxe5 Bxe5 17. Nc4 Bc7 18. O-O-O Rd8 19. Rxd8+ Kxd8 20. Bxg4 Ke7
21. h4 Nd4 22. Bd1 Re8 23. f4 Kf8 24. e5 b5 25. Nd2 f6 26. Nf3 fxe5 27. fxe5
Bxe5 28. Nxd4 1/2-1/2

[Event "World Rapid 2023"]
[Site "Samarkand UZB"]
[Date "2023.12.26"]
[EventDate "2023.12.26"]
[Round "5.17"]
[Result "1/2-1/2"]
[White "Denis Makhnev"]
[Black "Evgeny Tomashevsky"]
[WhiteElo "2486"]
[BlackElo "2681"]
[PlyCount "44"]

1. d4 Nf6 2. c4 e6 3. Nc3 Bb4 4. e3 O-O 5. Bd3 d5 6. Ne2 dxc4 7. Bxc4 Be7 8. O-O
c5 9. d5 exd5 10. Nxd5 Nxd5 11. Bxd5 Nd7 12. Nc3 Nf6 13. Bf3 Qc7 14. e4 Be6 15.
g3 Rad8 16. Qe2 Qd7 17. Rd1 Qc8 18. Bf4 Rxd1+ 19. Rxd1 Rd8 20. h4 Rxd1+ 21. Qxd1
Qd7 22. Qxd7 Nxd7 1/2-1/2

[Event "World Rapid 2023"]
[Site "Samarkand UZB"]
[Date "2023.12.26"]
[EventDate "2023.12.26"]
[Round "5.18"]
[Result "0-1"]
[White "Klementy Sychev"]
[Black "Kirill Shevchenko"]
[WhiteElo "2542"]
[BlackElo "2651"]
[PlyCount "86"]

1. d4 d5 2. c4 e5 3. dxe5 d4 4. Nf3 Nc6 5. Nbd2 Nge7 6. Nb3 Ng6 7. Nbxd4 Ngxe5
8. Nxe5 Nxe5 9. e3 Bc5 10. Be2 Qg5 11. O-O Bh3 12. Bf3 O-O-O 13. Kh1 Nxf3 14.
Qxf3 Bd7 15. b4 Bxb4 16. Rb1 Bg4 17. Qg3 Bd6 18. f4 Qg6 19. Bd2 c5 20. Nb5 Bb8
21. Ba5 b6 22. Bc3 Bf5 23. Rbc1 Qxg3 24. hxg3 f6 25. Rfe1 Rhe8 26. Kg1 Rd3 27.
Kf2 Re4 28. Na3 Bg4 29. Rc2 Kb7 30. Bb2 Bd1 31. Rc3 Rd2+ 32. Kg1 Ba4 33. Bc1
Rxa2 34. Nb1 Bc6 35. Nd2 Re8 36. Nf3 Be4 37. Nd2 Bc6 38. Nf3 Bc7 39. Kf1 a6 40.
Re2 Rxe2 41. Kxe2 Bd6 42. Ba3 Rc8 43. Rc1 b5 0-1

[Event "World Rapid 2023"]
[Site "Samarkand UZB"]
[Date "2023.12.26"]
[EventDate "2023.12.26"]
[Round "5.19"]
[Result "1-0"]
[White "Sandipan Chanda"]
[Black "Arystan Isanzhulov"]
[WhiteElo "2486"]
[BlackElo "2407"]
[PlyCount "120"]

1. d4 Nf6 2. c4 d6 3. Nc3 Bf5 4. f3 e5 5. e4 exd4 6. Qxd4 Be6 7. Be3 g6 8. Qd2
Bg7 9. Bd3 O-O 10. Nge2 Nbd7 11. b3 c6 12. Rd1 d5 13. exd5 cxd5 14. cxd5 Bxd5
15. Bxg6 hxg6 16. Nxd5 Nxd5 17. Qxd5 Qe7 18. Bg5 Qb4+ 19. Qd2 Qxd2+ 20. Rxd2 Ne5
21. Kf2 a5 22. a4 Ra6 23. Nd4 Rc8 24. Nb5 Re6 25. Rhd1 Nc6 26. Be3 Rce8 27. Bf4
Rf6 28. g3 Bf8 29. Nd6 Ree6 30. Nxb7 Bb4 31. Re2 Bc3 32. Rxe6 Rxe6 33. Nd8 Nxd8
34. Rxd8+ Kg7 35. Bd2 Rc6 36. Rd3 Bxd2 37. Rxd2 Rc3 38. Rb2 Kh6 39. h4 g5 40.
hxg5+ Kxg5 41. b4 axb4 42. Rxb4 Ra3 43. Rg4+ Kf5 44. Rf4+ Kg6 45. Ke2 f6 46. g4
Kg7 47. Kd2 Rb3 48. Kc2 Re3 49. Kb2 Re5 50. Kb3 Kf7 51. Kb4 Rd5 52. a5 Ke7 53.
Rc4 Kd7 54. a6 Rd1 55. Kb5 Rb1+ 56. Rb4 Ra1 57. Ra4 Rb1+ 58. Kc5 Rb8 59. a7 Ra8
60. Kb6 1-0

[Event "World Rapid 2023"]
[Site "Samarkand UZB"]
[Date "2023.12.26"]
[EventDate "2023.12.26"]
[Round "5.20"]
[Result "0-1"]
[White "Bardiya Daneshvar"]
[Black "Xiangyu Xu"]
[WhiteElo "2591"]
[BlackElo "2623"]
[PlyCount "94"]

1. c4 e6 2. Nc3 Bb4 3. Qc2 d5 4. e3 Nf6 5. a3 Bxc3 6. Qxc3 O-O 7. Nf3 b6 8. b4
Bb7 9. Bb2 Nbd7 10. c5 bxc5 11. bxc5 Rb8 12. Be2 Bc6 13. a4 Re8 14. Nd4 Ne4 15.
Qc2 Qf6 16. O-O Nexc5 17. Rfb1 e5 18. Nxc6 Qxc6 19. Bb5 Qg6 20. Qxg6 hxg6 21.
Ba3 a6 22. Bc6 Rxb1+ 23. Rxb1 Rb8 24. Rxb8+ Nxb8 25. Bxd5 Nxa4 26. Kf1 Nb6 27.
Ba2 Nc6 28. Ke2 a5 29. Kd3 g5 30. Ke4 g6 31. Bb2 Kf8 32. g4 Nd7 33. Bc4 Ke7 34.
h3 f6 35. Bb5 Kd6 36. f4 Nc5+ 37. Kf3 gxf4 38. exf4 Nd4+ 39. Bxd4 exd4 40. h4
Ke7 41. h5 gxh5 42. gxh5 Kf7 43. Kg4 Ne4 44. h6 Kg6 45. Bd3 f5+ 46. Kf3 Nxd2+
47. Ke2 Ne4 0-1